|
|
|
|
| LEADER |
02171nab#a2200433#ar4500 |
| 001 |
000072909 |
| 003 |
SVKKK |
| 005 |
20111121065442.0 |
| 008 |
080707d1908 xo |||||||||||||||b|hun |
| FMT |
|
|
|
| 038 |
|
|
|a SVKKK
|
| 040 |
|
|
|a SVKKK
|b slo
|e AACR2
|
| 041 |
0 |
|
|a hun
|
| 044 |
|
|
|a xo
|c SK
|
| 080 |
|
|
|a 371.213
|2 1997
|
| 100 |
1 |
|
|a Thomán, Dávid
|d 1828-1913
|4 aut
|
| 242 |
1 |
0 |
|a Otvorený list k pánu profesorovi Ľudovítovi Ugraymu
|c Dávid Thomán
|y slo
|
| 245 |
1 |
0 |
|a Nyilt levél Ugray Lajos tanár úrhoz
|c David Thomán
|
| 500 |
|
|
|a Popis z mikrofilmu
|
| 500 |
|
|
|a Dohľadanie
|
| 520 |
2 |
|
|a Úvodník hodnotí činnosť Ľudovíta (Lajos) Ugrayho dlhoročného učiteľa meštianskej školy v Humennom, ktorý v lete 1908 opustil Humenné. Pisateľ článku, ako dlhoročný člen školskej stolice ho videl spoločensky rásť od začiatku nástupu do meštianskej školy v Humennom [pravdepodobne od r.1881]. Škola stráca v jeho osobe veľmi veľa. Škola založená pred 32 rokmi. Riaditeľom bol v tom čase Ľudovít (Lajos) Gerecz, profesormi: Gustáv Kárpati, Dominik (Domokos) Potomcsik
|
| 650 |
0 |
4 |
|a Gerecz, Ľudovít (riaditeľ-učiteľ) - meštianska škola, Humenné - rok 1876
|
| 650 |
0 |
4 |
|a Kárpáti, Gustáv (učiteľ stredoškolský) - meštianska škola, Humenné - rok 1876
|
| 650 |
0 |
4 |
|a Potomcsik, Dominik (učiteľ stredoškolský) - meštianska škola, Humenné - rok 1876
|
| 650 |
0 |
4 |
|a Ugray, Ľudovít (učiteľ stredoškolský) - meštianska škola, Humenné - pôsobenie dlhoročné (27) - hodnotenie - rok 1908 - úvodníky
|
| 655 |
|
4 |
|a hungariká
|
| 773 |
0 |
|
|t Felvidéki Hirlap : Közgazdasági, társadalmi és szépirodalmi hetilap
|g Roč. 1, č. 23 (16.08.1908) s. 1
|
| 957 |
|
|
|a Humenné
|
| 958 |
|
|
|a DG
|
| 958 |
|
|
|a HU
|
| 974 |
|
|
|a Ba
|
| 992 |
|
|
|a RBX
|
| 997 |
|
|
|a Ugray, Lajos p. Ugray, Ľudovít
|d Homonna p. Humenné
|
| 997 |
|
|
|a Thomán, David
|d Homonna p. Humenné
|
| 997 |
|
|
|a Gerecz, Lajost p. Gerecz, Ľudovít
|d Homonna p. Humenné
|
| 997 |
|
|
|a Kárpáti, Guszti p. Kárpáti, Gustáv
|d Homonna p. Humenné
|
| 997 |
|
|
|a Potomcsik, Dominik
|d Homonna p. Humenné
|
| BAS |
|
|
|
| 998 |
|
|
|a RETRO
|